000 00851nam a2200265Ia 4500
003 OSt
005 20220923215353.0
006 a|||||r|||| 00| 0
007 ta
008 220922b |||||||| |||| 00| 0 hin d
024 _a178,145
037 _cTextual
040 _aARTS
_cARTS
_bhin
041 _2hin
_ahin
082 _aO152,1I43w, N4
100 _aमैनी, धर्मपाल
245 0 _aरैदास
246 _aRaidāsa
260 _aनई दिल्ली
_b साहित्य अकादमी
_c1994
300 _a64 पृ.
_ccm.
490 _aभारतीय साहित्य के निर्माता
650 _aहिन्दी साहित्य
_9156264
942 _hO152,1I43w, N4
_cTEXL
_2CC
999 _c331527
_d331527